Normal view
MARC view
- McMahon, Gillian.
Entry Personal Name
001 - CONTROL NUMBER
- control field: 704
003 - CONTROL NUMBER IDENTIFIER
- control field: NUST
005 - DATE AND TIME OF LATEST TRANSACTION
- control field: 20170515115441.0
008 - FIXED-LENGTH DATA ELEMENTS
- fixed length control field: 170515|| aca||aabn | a|a d
040 ## - CATALOGING SOURCE
- Original cataloging agency: NUST
- Transcribing agency: NUST
100 ## - HEADING--PERSONAL NAME
- Personal name: McMahon, Gillian.
670 ## - SOURCE DATA FOUND
- Source citation: Work cat.: (NUST)0: McMahon, Gillian., Analytical instrumentation :, c2007.
